=LDR 00000nam 2200000 4500 =001 INLIS000000000001496 =005 20230731101121 =035 ##$$a 0010-0723000073 =007 ta =008 230731################g##########0#ind## =082 ##$$a 612.602 02 =084 ##$$a 612.602 02 BAD p =100 #$$a Badan Koordinasi Keluarga Berencana Nasional =245 1#$$a Petunjuk Pelaksaan Kesehatan Reproduksi Remaja Di Bina Keluarga Anak Dan Remaja : $b Bina Keluarga Anak Dan Remaja /$c Badan Koordinasi Keluarga Berencana Nasional =250 ##$$a - =260 ##$$a Jakarta :$b Badan Koordinasi Keluarga Berencana Nasional,$c 1999 =300 ##$$a 25 hlm : $b - ; $c 20,8 cm =700 #$$a UNFPA =650 #4$$a KESEHATAN REPRODUKSI REMAJA =520 ##$$a Remaja adalah tahapan kehidupan yang di lalui oleh setiap manusia dalam proses perkembangan sejak lahir hingga hayatnya =990 ##$$a B-1999-00010